000 00295nam a2200133Ia 4500
100 _aDooley
942 _cBK
654 _aManagement.
245 _aWaps administration & worker productivity.
260 _bWILEY EASTERN LIMITED
_c2001
082 _a658.3
300 _a219
546 _aENGLISH
999 _c31055
_d31055